000 02650nam a2200313 i 4500
003 DO-SdBNP
005 20240703150231.0
007 ta
008 240703s2012 mx 000 0 spa d
020 _a9786071610102
040 _aDO-SdBNP
_bspa
_cBNPHU
_erda
082 _bB517
_222
100 1 _aBernal, Rafael
_eautor
_985941
245 1 3 _aEl gran oceáno /
_cRafael Bernal ; prólogo Alfonso de María y Campos Castelló ; presentación Miguel Mancera
264 1 _aMéxico :
_bFCE,
_c2012.
300 _a519 páginas,
_c23 cm.
336 _2rdacontent
_atexto
_btxt
337 _2rdamedia
_asin mediación
_bn
338 _2rdacarrier
_avolumen
_bnc
490 1 _aSección de obras de historia
504 _aBibliografía p: 503-519
520 _aEsta obra estudia minuciosamente la importancia del mar como agente vital del proceso de transculturación en un fascinante relato que da cuenta del largo peregrinaje, navegación, descubrimiento, exploración y conquista que tuvieron lugar a lo largo de los últimos quinientos años en el Océano Pacífico, cuya superficie, sin contar los mares a los cuales da vida, es mayor que la de todas las tierras juntas. Desde la antigüedad, el océano ha logrado conectar territorios distantes y fungir como escenario de las prolongadas travesías emprendidas por los distintos pueblos de Europa y Asia que, con el paso de los siglos, llevarían al descubrimiento del continente americano. Por esta razón, a través de su historia es posible explicar los cambios de las relaciones y los andamiajes culturales e incluso políticos que regulan la vida del hombre. Este libro es un estudio historiográfico acerca del proceso de transculturalción que tuvo lugar en el Océano Pacífico, como resultado de las empresas y travesías que llevaron a cabo hombres pertenecientes a las naciones expansionistas de Europa y Asia. Además de examinar los motivos económicos, sociales y espirituales de los seres humanos que llevaron a cabo esas empresas, esta historia explora el pensamiento de los grupos expansionistas a los que pertenecieron y cómo se determinaron los modos de contacto con los pueblos receptores de la expansión, de suerte que, al contar la historia del mar, Rafael Bernal trasciende la sumaria relación de mercancías, rutas e ideas que intercambiaron los pueblos y culmina relatando la historia misma del ser humano.
590 _aInventariado, 2024/ YL
700 1 _aCampos Castelló, Alfonso de María y
_e prólogo
_985944
700 1 _aMancera, Miguel
_epresentación
_985945
710 _aFondo de Cultura Económica
_99178
910 _aYLockward
942 _2ddc
_cLBS1
999 _c57140
_d57140